[Event "ARM-ch (Women) 76th"]
[Site "Yerevan"]
[Date "2021.02.23"]
[Round "7"]
[White "Grigoryan, Arpine"]
[Black "Gevorgyan, Maria"]
[Result "0-1"]
[WhiteElo "2091"]
[BlackElo "2228"]
[PlyCount "176"]
[EventDate "2021.02.16"]
[EventType "tourn"]
[EventRounds "9"]
[EventCountry "ARM"]
[SourceTitle "CBM 200 Extra"]
[Source "ChessBase"]
[SourceDate "2021.03.31"]
[SourceVersion "1"]
[SourceVersionDate "2021.03.31"]
[SourceQuality "1"]

1. e4 d5 2. exd5 Qxd5 3. Nf3 Bg4 4. Nc3 Qe6+ 5. Qe2 Qxe2+ 6. Bxe2 Nc6 7. Bb5 Bxf3 8. gxf3 e6 9. Bxc6+ bxc6 10. d3 Ne7 11. Be3 Nf5 12. Na4 Bd6 13. Ke2 Ke7 14. c3 f6 15. b3 Kf7 16. Nb2 Rhb8 17. Nc4 Ke7 18. b4 a6 19. h3 Kd7 20. Rhg1 Bf8 21. Rab1 g6 22. a3 Ne7 23. Kd2 Rb5 24. Bc5 Nf5 25. a4 Bh6+ 26. Ke2 Rbb8 27. Be3 Bf8 28. Rgd1 Ne7 29. Kd2 Nd5 30. Kc2 Be7 31. Re1 g5 32. Rg1 Rg8 33. Rg2 Rg6 34. Rd1 Rh6 35. Rh1 Rh4 36. Nd2 a5 37. c4 Nxb4+ 38. Kc3 c5 39. Nb3 Kc6 40. Rgg1 e5 41. Rd1 Kb6 42. Kd2 Rd8 43. Ke2 f5 44. Bc1 Rd6 45. Bb2 Rdh6 46. Rdg1 e4 47. fxe4 fxe4 48. d4 Rxh3 49. dxc5+ Bxc5 50. Rxh3 Rxh3 51. Nxc5 Kxc5 52. Rxg5+ Kxc4 53. Rxa5 Nd3 54. Bg7 Rf3 55. Ra7 Rxf2+ 56. Ke3 Rf7 57. Bh6 Kd5 58. a5 Rf3+ 59. Kd2 Rh3 60. Be3 Ne5 61. Bf4 Nc4+ 62. Ke2 c6 63. a6 Ra3 64. Rxh7 Rxa6 65. Rd7+ Ke6 66. Rd4 Kf5 67. Rxc4 Kxf4 68. Rc2 Ke5 69. Ke3 Ra3+ 70. Ke2 Kd5 71. Rd2+ Ke6 72. Rc2 Kd6 73. Rd2+ Rd3 74. Ra2 c5 75. Ra8 Kd5 76. Rd8+ Kc4 77. Re8 Kd4 78. Rd8+ Kc3 79. Re8 e3 80. Ra8 c4 81. Rb8 Kc2 82. Rc8 c3 83. Rb8 Rd5 84. Kxe3 Kc1 85. Rc8 c2 86. Ke2 Rd7 87. Rh8 Rb7 88. Kd3 Kb1 0-1

[Event "ARM-ch (Women) 76th"]
[Site "Yerevan"]
[Date "2021.02.19"]
[Round "4"]
[White "Grigoryan, Arpine"]
[Black "Gaboyan, Susanna"]
[Result "0-1"]
[WhiteElo "2091"]
[BlackElo "2211"]
[PlyCount "76"]
[EventDate "2021.02.16"]
[EventType "tourn"]
[EventRounds "9"]
[EventCountry "ARM"]
[SourceTitle "CBM 200 Extra"]
[Source "ChessBase"]
[SourceDate "2021.03.31"]
[SourceVersion "1"]
[SourceVersionDate "2021.03.31"]
[SourceQuality "1"]

1. e4 c5 2. Nf3 Nf6 3. Nc3 Nc6 4. Bb5 d6 5. e5 Ng4 6. exd6 Qxd6 7. Ne4 Qd5 8. Qe2 Nf6 9. d3 e6 10. c4 Qd8 11. Nxf6+ gxf6 12. Bxc6+ bxc6 13. Nd2 Be7 14. f4 Rg8 15. 0-0 e5 16. Qf3 Bg4 17. Qxc6+ Kf8 18. Qe4 f5 19. Qxe5 Qxd3 20. Qd5 Qe3+ 21. Kh1 Rd8 22. Qe5 Qd3 23. Qe1 Bf6 24. Nf3 Bxf3 25. Rxf3 Qc2 26. Bd2 Qxd2 27. Qf1 Qxb2 28. Rb1 Qxa2 29. Rf2 Rd2 30. Rxd2 Qxd2 31. Qf3 Kg7 32. h3 a5 33. Rd1 Qc2 34. Rd5 Bd4 35. Kh2 Kh8 36. Qf1 Qc3 37. Rxf5 Qg3+ 38. Kh1 Re8 0-1

[Event "EU-ch U18 Girls"]
[Site "Bratislava"]
[Date "2019.08.08"]
[Round "7"]
[White "Grigoryan, Arpine"]
[Black "Represa Perez, Mireya"]
[Result "1-0"]
[WhiteElo "1991"]
[BlackElo "2229"]
[PlyCount "99"]
[EventDate "2019.08.02"]
[EventType "swiss"]
[EventRounds "9"]
[EventCountry "SVK"]
[SourceTitle "CBM 191 Extra"]
[Source "ChessBase"]
[SourceDate "2019.09.30"]
[SourceVersion "1"]
[SourceVersionDate "2019.09.30"]
[SourceQuality "1"]

1. e4 c5 2. Nf3 d6 3. Bb5+ Nd7 4. 0-0 a6 5. Bd3 Ngf6 6. c3 b5 7. Bc2 e5 8. d4 Be7 9. a4 Bb7 10. Re1 0-0 11. Nbd2 Re8 12. d5 Bf8 13. b3 g6 14. Qe2 Qb6 15. Bd3 Nh5 16. g3 Reb8 17. Bb2 Nhf6 18. axb5 a5 19. Ra2 Qd8 20. Rea1 Bc8 21. c4 Ra7 22. Bc3 Rba8 23. Nf1 Nb8 24. Qd2 Ng4 25. Rxa5 Bh6 26. Qe1 Rxa5 27. Rxa5 Rxa5 28. Bxa5 Qe7 29. b4 Nd7 30. Bc2 Qf8 31. N1d2 Bxd2 32. Qxd2 Kh8 33. Qg5 Ngf6 34. bxc5 h6 35. Qe3 Nxc5 36. Bb4 Ng4 37. Qc3 Nd7 38. h3 Ngf6 39. Nxe5 Kg8 40. Nxd7 Nxd7 41. e5 Nxe5 42. Qxe5 dxe5 43. Bxf8 Kxf8 44. c5 Ke7 45. c6 Kd6 46. b6 Bxh3 47. b7 Kc7 48. d6+ Kb8 49. Be4 f5 50. c7+ 1-0

[Event "EU-ch U18 Girls"]
[Site "Bratislava"]
[Date "2019.08.07"]
[Round "6"]
[White "Grigoryan, Arpine"]
[Black "Koubova, Anna Marie"]
[Result "1/2-1/2"]
[WhiteElo "1991"]
[BlackElo "2042"]
[PlyCount "67"]
[EventDate "2019.08.02"]
[EventType "swiss"]
[EventRounds "9"]
[EventCountry "SVK"]
[SourceTitle "CBM 191 Extra"]
[Source "ChessBase"]
[SourceDate "2019.09.30"]
[SourceVersion "1"]
[SourceVersionDate "2019.09.30"]
[SourceQuality "1"]

1. e4 c5 2. Nf3 Nc6 3. Bb5 g6 4. Bxc6 bxc6 5. 0-0 Bg7 6. Re1 Nh6 7. c3 0-0 8. d4 cxd4 9. cxd4 d5 10. e5 f6 11. exf6 exf6 12. Nbd2 Bg4 13. h3 Bf5 14. Nb3 Re8 15. Rxe8+ Qxe8 16. Be3 Be4 17. Rc1 Nf5 18. Rc3 Bf8 19. a3 Qd7 20. Nh2 h5 21. Bd2 Ng7 22. Bh6 Bd6 23. Bxg7 Kxg7 24. Nf1 a5 25. Ng3 Qb7 26. Nxe4 dxe4 27. Qc2 Rb8 28. Qxe4 a4 29. Nc1 Qxb2 30. Rxc6 Rb6 31. Rc8 Rb8 32. Rc6 Rb6 33. Rc8 Rb8 34. Rc6 1/2-1/2

[Event "EU-ch U18 Girls"]
[Site "Bratislava"]
[Date "2019.08.05"]
[Round "4"]
[White "Maksimovic, Masa"]
[Black "Grigoryan, Arpine"]
[Result "0-1"]
[WhiteElo "2136"]
[BlackElo "1991"]
[PlyCount "72"]
[EventDate "2019.08.02"]
[EventType "swiss"]
[EventRounds "9"]
[EventCountry "SVK"]
[SourceTitle "CBM 191 Extra"]
[Source "ChessBase"]
[SourceDate "2019.09.30"]
[SourceVersion "1"]
[SourceVersionDate "2019.09.30"]
[SourceQuality "1"]

1. d4 Nf6 2. c4 e6 3. Nc3 d5 4. cxd5 exd5 5. Bg5 Be7 6. e3 c6 7. Bd3 0-0 8. Qc2 Nbd7 9. Nf3 Re8 10. 0-0 Nf8 11. h3 Ne4 12. Bxe7 Qxe7 13. Bxe4 dxe4 14. Nd2 f5 15. Rab1 Be6 16. b4 b5 17. a4 a6 18. Ne2 Bd5 19. Nf4 Ne6 20. Nxe6 Qxe6 21. Rfc1 f4 22. exf4 e3 23. Nf1 Be4 24. Qb2 Bxb1 25. Rxb1 exf2+ 26. Qxf2 bxa4 27. Qc2 Qd5 28. Qc5 Qxc5 29. bxc5 Rab8 30. Rc1 a3 31. Ra1 Rb3 32. Nd2 Rc3 33. Kf1 Rc2 34. Nf3 a2 35. Ne5 Rxe5 36. fxe5 Rb2 0-1

[Event "ARM-ch HL (Women) 74th"]
[Site "Yerevan"]
[Date "2019.01.15"]
[Round "4"]
[White "Mkrtchyan, Anahit D"]
[Black "Grigoryan, Arpine"]
[Result "1/2-1/2"]
[WhiteElo "1829"]
[BlackElo "1962"]
[PlyCount "78"]
[EventDate "2019.01.12"]
[EventType "tourn"]
[EventRounds "9"]
[EventCountry "ARM"]
[SourceTitle "CBM 188 Extra"]
[Source "ChessBase"]
[SourceDate "2019.02.26"]
[SourceVersion "1"]
[SourceVersionDate "2019.02.26"]
[SourceQuality "1"]

1. d4 Nf6 2. Bf4 g6 3. Nf3 Bg7 4. e3 0-0 5. Bd3 d6 6. Nbd2 c5 7. c3 Nc6 8. 0-0 e5 9. Bg5 cxd4 10. exd4 exd4 11. cxd4 d5 12. Qb3 Qd6 13. Rfe1 Be6 14. Rac1 Rab8 15. Bf1 Ng4 16. h3 Nxd4 17. Qa4 Nxf3+ 18. Nxf3 Ne5 19. Bf4 b5 20. Bxb5 Rxb5 21. Bxe5 Qb6 22. Bxg7 Kxg7 23. b3 Ra5 24. Qh4 Rxa2 25. Ng5 h6 26. Nxe6+ fxe6 27. Rf1 Rf7 28. Qg3 Qd4 29. Rc8 Qf4 30. Qc3+ d4 31. Qe1 d3 32. Qc3+ e5 33. Rc7 d2 34. Rxf7+ Kxf7 35. Qc7+ Kf6 36. Qd8+ Kg7 37. Qe7+ Qf7 38. Qxe5+ Kh7 39. Qe3 Rc2 1/2-1/2

[Event "Yerevan Asrian Memorial 11th"]
[Site "Yerevan"]
[Date "2018.06.27"]
[Round "7"]
[White "Grigoryan, Arpine"]
[Black "Seyranyan, Gor"]
[Result "1-0"]
[WhiteElo "2049"]
[BlackElo "1779"]
[PlyCount "91"]
[EventDate "2018.06.21"]
[EventType "swiss"]
[EventRounds "9"]
[EventCountry "ARM"]
[SourceTitle "CBM 185 Extra"]
[Source "ChessBase"]
[SourceDate "2018.07.29"]
[SourceVersion "1"]
[SourceVersionDate "2018.07.29"]
[SourceQuality "1"]

1. e4 c5 2. Nf3 Nc6 3. Bb5 e6 4. 0-0 Nge7 5. d4 cxd4 6. Nxd4 Qb6 7. Nxc6 dxc6 8. Bc4 Ng6 9. b3 e5 10. Qf3 Qc7 11. Rd1 Nf4 12. Bxf4 exf4 13. e5 Qxe5 14. Nc3 Be7 15. Re1 Qc7 16. Qe4 g6 17. Qd4 0-0 18. Rxe7 Qxe7 19. Ne4 Rd8 20. Nf6+ Kf8 21. Nxh7+ Kg8 22. Nf6+ Kf8 23. Nd5 f6 24. Nxe7 Rxd4 25. Nxg6+ Kg7 26. Nh4 Rxc4 27. bxc4 c5 28. Re1 Kf7 29. Re4 Be6 30. Nf3 Rd8 31. h4 Bg4 32. Rxf4 Bxf3 33. Rxf3 Rd1+ 34. Kh2 Rd4 35. Kh3 Rxc4 36. g4 Kg7 37. c3 b5 38. Rd3 a5 39. h5 Ra4 40. Rd7+ Kh6 41. Rf7 Rxa2 42. Rxf6+ Kg7 43. g5 b4 44. h6+ Kh7 45. Rf7+ Kg8 46. g6 1-0

[Event "EU-ch U16 Girls 27th"]
[Site "Mamaia"]
[Date "2017.09.09"]
[Round "5"]
[White "Grigoryan, Arpine"]
[Black "Represa Perez, Mireya"]
[Result "1/2-1/2"]
[WhiteElo "1865"]
[BlackElo "2082"]
[PlyCount "80"]
[EventDate "2017.09.05"]
[EventType "swiss"]
[EventRounds "9"]
[EventCountry "ROU"]
[SourceTitle "CBM 180 Extra"]
[Source "ChessBase"]
[SourceDate "2017.10.06"]
[SourceVersion "1"]
[SourceVersionDate "2017.10.06"]
[SourceQuality "1"]

1. e4 c5 2. Nf3 d6 3. Bb5+ Nd7 4. a4 a6 5. Bc4 Ngf6 6. Nc3 e6 7. 0-0 Be7 8. d4 cxd4 9. Nxd4 0-0 10. Bxe6 fxe6 11. Nxe6 Qa5 12. Nxf8 Nxf8 13. Re1 Be6 14. Nd5 Bxd5 15. exd5 Ng6 16. c4 Rc8 17. b3 Nd7 18. Bb2 Nde5 19. Bxe5 Nxe5 20. f4 Ng6 21. Qg4 Qc5+ 22. Kh1 Kh8 23. Re6 Rf8 24. Rae1 Qf2 25. g3 Bf6 26. Qe2 Qc5 27. Re8 b5 28. f5 Be5 29. Re6 Rxf5 30. Rf1 Rf8 31. Rxf8+ Nxf8 32. Re8 Kg8 33. Qf3 Bf6 34. Qf5 Kf7 35. Rb8 bxc4 36. Qe4 Be5 37. Qf5+ Bf6 38. Qe4 Be5 39. Qf5+ Bf6 40. Qe4 Be5 1/2-1/2

[Event "Wch U16 Girls"]
[Site "Khanty-Mansiysk"]
[Date "2016.10.01"]
[Round "9"]
[White "Grigoryan, Arpine"]
[Black "Cieslak, Wiktoria"]
[Result "1-0"]
[WhiteElo "1942"]
[BlackElo "1869"]
[PlyCount "65"]
[EventDate "2016.09.22"]
[EventType "swiss"]
[EventRounds "11"]
[EventCountry "RUS"]
[SourceTitle "EXT 2017"]
[Source "ChessBase"]
[SourceDate "2016.10.25"]
[SourceVersion "1"]
[SourceVersionDate "2016.10.25"]
[SourceQuality "1"]

1. e4 c5 2. Nf3 d6 3. d4 Nf6 4. Nc3 cxd4 5. Nxd4 a6 6. a4 e5 7. Nb3 Be6 8. Be2 Be7 9. 0-0 Nbd7 10. Kh1 0-0 11. f4 exf4 12. Bxf4 Ne5 13. Nd4 Qb6 14. Qd2 Rad8 15. a5 Qb4 16. Rfb1 Nfd7 17. Be3 Nc4 18. Bxc4 Qxc4 19. Ra4 Qc7 20. Nf5 Nc5 21. Bxc5 dxc5 22. Nd5 Bxd5 23. exd5 Bf6 24. Rg4 Qd7 25. Rf1 Kh8 26. c4 Rfe8 27. h3 Re5 28. Ng3 Rde8 29. Rxf6 gxf6 30. Qh6 Qxg4 31. hxg4 Re1+ 32. Kh2 Rd1 33. Nf5 1-0